00723nam a2200229Ia 4500003000400000005001700004006001800021007000300039008004100042037001700083040001800100041001300118082002000131100002500151245004900176260000900225490007400234700003400308942002800342999001900370952010400389OSt20220926044824.0a|||||r|||| 00| 0ta220923b |||||||| |||| 00| 0 eng d cGeneral Book aRTLcRTLbeng 2engaeng aX655::73:N3, G8 aLewis Cleona9340059 0aAmerica's stake in international investments c1938 aInstitute of Economics of the Brookings Institution, Publications, 75 a Schlotterbeck Karl T9340060 hX655::73:N3, G8cGB2CC c675887d675887 00104070aRTLbRTLd2022-09-26l0oX655::73:N3 G8pRT0046415r2022-09-26 00:00:00w2022-09-26yGB